000 00337nam a2200133Ia 4500
005 20251222143211.0
008 251222s9999||||xx |||||||||||||| ||spa||
020 _a978-612-304-074-1
082 _a005.133/T75
100 _aTorres Remon, Manuel
245 0 _aGuía Práctica Macros con Excel
264 _bMacro Editorial
942 _cLIB
999 _c13446
_d13446